| 000 | 01209cam a2200361 a 4500 | ||
|---|---|---|---|
| 001 | 22507 | ||
| 003 | SK-KTurca | ||
| 005 | 20260330151216.0 | ||
| 008 | 240318s2017 xo g 000 fdslo | ||
| 015 | _aSNBA2018/03 | ||
| 020 |
_a9788081720291 _q(viaz.) |
||
| 035 | _aurn:nbn:sk:snk-am00dgdx | ||
| 035 | _aurn:nbn:sk:snk-am3i1dx | ||
| 035 | _a922BE4D0-49AD-4270-9DE5-D4A02C266426 | ||
| 040 |
_aTTKJF _bslo _cTTKJF _dSNK _eAACR2 |
||
| 041 | 1 |
_aslo _heng |
|
| 044 |
_axo _cSK |
||
| 072 | 7 |
_a821.111(73)-3 _xAmerická próza _2konspekt |
|
| 080 |
_a821.111(73)-31 _22011 |
||
| 100 | 1 |
_aHyde, Catherine Ryan, _d1955- _4aut |
|
| 240 | 1 | 0 |
_aTake me with you _lSlovensky |
| 245 | 1 | 0 |
_aZober ma so sebou _bjedno leto a jedna cesta, ktorá zmení životy _cCatherine Ryan Hydeová ; [preklad Jozef Klinga] |
| 260 |
_a[Bratislava] _bAktuell _c2017 |
||
| 300 |
_a343 s. _c22 cm |
||
| 500 | _aMiesto vydania podľa ISBN | ||
| 500 | _aPreložené z anglického originálu | ||
| 500 | _aBiografické údaje | ||
| 655 | 7 |
_aamerické romány _2SNKPH |
|
| 655 | 7 |
_aAmerican fiction _2SNKPHeng |
|
| 700 | 1 |
_aKlinga, Jozef _4trl |
|
| 942 |
_2ddc _cKLDO _n0 |
||
| 999 |
_c22507 _d22507 |
||